02906cam a22011894i 4500003000900000005001700009008004100026020001500067020001800082035002000100040003300120049000900153082002000162100003300182245005200215264004600267300003800313336002100351337002500372338002300397505015600420526000900576526000900585526000900594526000900603526000900612526000900621526000900630526000900639526000900648526000900657526000900666526000900675526000900684526000900693526000900702526000900711526000900720526000900729526000900738526000900747526000900756526000900765526000900774526000900783526000900792526000900801526000900810526000900819526000900828526000900837526000900846526000900855526000900864526000900873526000900882526000900891526000900900526000800909526000800917526000800925526000800933526000800941526000800949526000800957526000800965526000800973526000800981526000800989526000800997526000801005526000801013526000801021526000801029526000801037526000801045526000801053526000801061526000801069526000801077526000801085526000801093526000801101526000801109526000801117526000801125526000801133526000801141526000801149526000801157526000801165526000801173526000801181910002901189942001401218994001401232264002301246596000601269999019801275980005501473952018801528PE-LiUPU20250813185338.0161005s r 000 0 spa d a997221012X a9789972210129 a(Sirsi) a163994 aPE-LiUPUbspacPE-LiUPUerda aPRUA04a378.15bL322201 aLazo Arrasco, Jorge,eautor.10aPedagogía universitaria /corge Lazo Arrasco. aLima :bUniversidad Alas Peruanas,c2010. a331 páginas ;c25 cnetímetros atext2rdacontent aunmediated2rdamedia avolume2rdacarrier0 aLa enseñanza universitaria -- La teoría de las asignaturas -- Metología del trabajo universitario -- La educación peruana: teoría y realidad. aP202 aP201 aP163 aP162 aP161 aP160 aP148 aP147 aP146 aP145 aP144 aP143 aP142 aP141 aP140 aP139 aP138 aP137 aP136 aP135 aP134 aP133 aP129 aP128 aP127 aP120 aP119 aP118 aP116 aP115 aP114 aP110 aP109 aP108 aP104 aP103 aP102 aP99 aP98 aP97 aP96 aP95 aP93 aP90 aP89 aP88 aP83 aP82 aP62 aP59 aP58 aP57 aP51 aP49 aP48 aP47 aP29 aP24 aP20 aP19 aP17 aP15 aP14 aP12 aP10 aP09 aP08 aP07 aP06 aP05 aP04 aP01 ajckbncfcncfd201601005 2ddccBOOK aC0bPEPRU 1a**REQUIRED FIELD** a1 a378.15 L32wDEWEYc12849i74826d12849e2018-4-29f2021-11-8g5lCCODEBUL1mBULn2p16.52q2r0sYtBOOKu2016-10-5xEDUCACIONPP200DONACIONo.STAFF. Colección Ciencias Humanas y Educación 81gALBERTO SANCHEZ Responsable de Automatización r2025-12-02 00:00:00i6l2o378.15 L32p74826s2018-04-29te1v21.52w2016-10-05xFACIHEDyBKzinventario-2023-12-13102ddc50708GENfP20aBULbBULcGENd2016-10-05eDONACIONg16.52